000 00754nam a22002297a 4500
003 OSt
005 20240530073924.0
008 210222b 2020 dr 00| 0 eng d
020 _a9789945920970
040 _aDO-SdBNP
_bspa
_cBNPHU
082 4 _aRD863.44
_bP438j
_222
100 1 _aPérez, Carlos,
_d1958-
_977881
245 1 0 _aJesús en el festín de los demonios /
_cCarlos Antonio Pérez Guzmán.
260 _aSanto Domingo :
_bPoetas de la Era,
_c2020.
300 _a79 p. ;
_c22 cm.
500 _aIncluye datos biográficos del autor en las solapas.
590 _aInventariado, 2021 /LP
650 0 _aNovela dominicana
_9223
650 4 _aLiteratura dominicana
_978264
910 _aLP/2021/Validado. Control de calidad MFF
942 _2ddc
_cLBS1
999 _c49427
_d49427